Kooperácia neziskového sektora a miestnej samosprávy pre miestny rozvoj diplomová práca

Na minha lista:
Detalhes bibliográficos
Autor principal: Cajchan, Ľubomír
Autor Corporativo: Národohospodárska fakulta EU. Katedra verejnej správy a regionálneho rozvoja
Outros Autores: Žárska, Elena, 1955-
Formato: Livro
Idioma:eslovaco
Publicado em: Bratislava 2018
Tags: Adicionar Tag
Sem tags, seja o primeiro a adicionar uma tag!

MARC

LEADER 00000nbm a2200000 4500
001 0244219
005 20190204095956.1
041 0 |a slo 
044 |a SK 
245 1 0 |a Kooperácia neziskového sektora a miestnej samosprávy pre miestny rozvoj  |b diplomová práca  |c Ľubomír Cajchan ; školiteľ: Elena Žárska 
264 1 |a Bratislava  |c 2018 
300 |a 67 s. 
100 1 |a Cajchan, Ľubomír 
700 1 |a Žárska, Elena, 1955- 
710 2 |a Národohospodárska fakulta EU. Katedra verejnej správy a regionálneho rozvoja